Word Scramble - Canadian Cities - Statistics

General Stats
  • This quiz has been taken 25 times
  • The average score is 13 of 15
Answer Stats
Hint Answer % Correct
rygacla Calgary
100%
taolnemr Montreal
100%
ttaoaw Ottawa
100%
toorton Toronto
100%
vcurenvao Vancouver
100%
ntomoden Edmonton
95%
pingiwne Winnipeg
95%
dlonno London
90%
xfiahla Halifax
86%
ceqiytubce Quebec City
86%
ivcatroi Victoria
86%
tihalmno Hamilton
81%
siwdonr Windsor
76%
awhsao Oshawa
48%
ickreenth Kitchener
33%
No matching quizzes found
Score Distribution
Percent of People with Each Score
Percentile by Number Answered
Your Score History
You have not taken this quiz